| 000 | 00419cam a2200169ua 4500 | ||
|---|---|---|---|
| 041 |
_amal _h |
||
| 082 |
_a894.8127 _bNAI/SA |
||
| 100 | _aNair, M R . | ||
| 245 |
_aSanjayan / _cM R Nair. _hTextual Documents |
||
| 250 |
_a2 / _b. |
||
| 260 |
_aCalicut : _bMathrubhumi Printing & Publishing Companty Ltd , _c1953. |
||
| 300 | _a338 ; . | ||
| 504 | _a | ||
| 942 | _cBK | ||
| 999 |
_c3835 _d3835 |
||